"Deus cognoscendo sepsum, omnia cognoscit" (Record no. 850684)

000 -CABECERA
Campo de control de longitud fija 00516nab a2200145 4500
003 - IDENTIFICADOR DEL NÚMERO DE CONTROL
Campo de control ES-SlBCS
005 - FECHA Y HORA DE LA ÚLTIMA TRANSACCIÓN
Campo de control 20220616200628.0
008 - CÓDIGOS DE INFORMACIÓN DE LONGITUD FIJA
Campo de control de longitud fija 150129s2014 sp ||||| |||| 00| 0 spa d
040 ## - FUENTE DE LA CATALOGACIÓN
Centro catalogador del origen ES-SlBCS
Lengua de catalogación spa
100 1# - PUNTO DE ACCESO PRINCIPAL-NOMBRE DE PERSONA
Nombre de persona Herrera, Juan José
9 (RLIN) 68938
245 11 - MENCIÓN DE TÍTULO
Título "Deus cognoscendo sepsum, omnia cognoscit"
Resto del título : A propósito de la recepción tomasiana de Metaphysica XII, 9
Mención de responsabilidad, etc. Juan José Herrera
650 04 - PUNTO DE ACCESO ADICIONAL DE MATERIA-TÉRMINO DE MATERIA
Término de materia o nombre geográfico como elemento inicial Atributos Divinos
9 (RLIN) 132337
773 0# - ENLACE AL DOCUMENTO FUENTE
Parte(s) relacionada(s) Nº 9, 2014, págs. 49-74
Título Cauriensia
Número de control del registro relacionado Rev110
Número Internacional Normalizado para Publicaciones Seriadas (ISSN) 1886-4945
942 ## - ENTRADA DE ELEMENTOS AGREGADOS (KOHA)
Fuente de clasificaión o esquema
Koha [por defecto] tipo de item Artículos de revista
Holdings
Suprimido Perdido Fuente de clasificación o esquema Estropeado No para préstamo Localización permanente Localización actual Localización en estantería Fecha adquisición Préstamos totales Fecha última consulta Fecha del precio de reemplazo Tipo de item de Koha
          San Esteban San Esteban Depósito de revistas 29/01/2015   29/01/2015 29/01/2015 Artículos de revista

Bibliotecas Dominicos Provincia Hispania, 2016

Con tecnología Koha